Survey on fattening pig raising at kilometer 99 farm of cp company in phnom srouch district, kompong speu province; ការអង្កេតលើការចិញ្ចឹមជ្រូកសាច់នៅកសិដ្ឋានចិញ្ចឹមជ្រូក គ.ម៩៩​របស់ក្រុមហ៊ុន ស៊ី ភី ស្រុកភ្នំស្រួច ខេត្តកំពង់ស្ពឺ (Record no. 7369)

000 -LEADER
fixed length control field 00811nam a22001337a 4500
040 ## - CATALOGING SOURCE
Transcribing agency RUA
082 ## - DEWEY DECIMAL CLASSIFICATION NUMBER
Classification number ANS PHY 2014 B445 Or.1
100 ## - MAIN ENTRY--AUTHOR NAME
Personal name PHY SOPHORN; ភី សុភ័ណ្ឌ
245 ## - TITLE STATEMENT
Title Survey on fattening pig raising at kilometer 99 farm of cp company in phnom srouch district, kompong speu province; ការអង្កេតលើការចិញ្ចឹមជ្រូកសាច់នៅកសិដ្ឋានចិញ្ចឹមជ្រូក គ.ម៩៩​របស់ក្រុមហ៊ុន ស៊ី ភី ស្រុកភ្នំស្រួច ខេត្តកំពង់ស្ពឺ
260 ## - PUBLICATION, DISTRIBUTION, ETC. (IMPRINT)
Place of publication Phnom Penh
Name of publisher RUA
Year of publication 2014
300 ## - PHYSICAL DESCRIPTION
Number of Pages x;45p.
Other physical details ill.
Dimensions 29cm.
856 ## - ELECTRONIC LOCATION AND ACCESS
Uniform Resource Identifier https://drive.google.com/file/d/1J9oFFZAlC9UHuu01162h_mtnNofgbmsm/view?usp=sharing
942 ## - ADDED ENTRY ELEMENTS (KOHA)
Koha item type ANS
952 ## - LOCATION AND ITEM INFORMATION (KOHA)
Withdrawn status [LOCAL, KOHA] 0
952 ## - LOCATION AND ITEM INFORMATION (KOHA)
Withdrawn status [LOCAL, KOHA] 0
952 ## - LOCATION AND ITEM INFORMATION (KOHA)
Withdrawn status [LOCAL, KOHA] 0
952 ## - LOCATION AND ITEM INFORMATION (KOHA)
Withdrawn status [LOCAL, KOHA] 0
952 ## - LOCATION AND ITEM INFORMATION (KOHA)
Withdrawn status [LOCAL, KOHA] 0
952 ## - LOCATION AND ITEM INFORMATION (KOHA)
Withdrawn status [LOCAL, KOHA] 0
952 ## - LOCATION AND ITEM INFORMATION (KOHA)
Withdrawn status [LOCAL, KOHA] 0
952 ## - LOCATION AND ITEM INFORMATION (KOHA)
Withdrawn status [LOCAL, KOHA] 0
952 ## - LOCATION AND ITEM INFORMATION (KOHA)
Withdrawn status [LOCAL, KOHA] 0
Holdings
Permanent Location Date acquired Koha item type Lost status Shelving location Barcode Current Location Full call number
Library Block B2016-03-03ANS B445RUA054561Library Block BANS PHY 2014 B445 Or.1
Library Block B2016-03-03ANS B445RUA054382Library Block BANS PHY 2014 B445 Or.2
Library Block B2016-03-03ANS B445RUA054501Library Block BANS PHY 2014 B445 Or.3
Library Block B2016-03-03ANS B445RUA054567Library Block BANS PHY 2014 B445 Or.4
Library Block B2016-03-03ANS B445RUA054446Library Block BANS PHY 2014 B445 Or.5
Library Block B2016-03-03ANS B445RUA054386Library Block BANS PHY 2014 B445 Or.6
Library Block B2016-03-03ANS B445RUA054571Library Block BANS PHY 2014 B445 Or.7
Library Block B2016-03-03ANS B445RUA054438Library Block BANS PHY 2014 B445 Or.8
Library Block B2021-12-08ANS B479a065907Library Block BANS PHY 2014 B479 Or.1
មជ្ឈមណ្ឌលឯការនៃសាកលវិទ្យាល័យភូមិន្ទកសិកម្មចំការដូង

Powered by Koha